| 000 | 00945nam a2200229Ii 4500 | ||
|---|---|---|---|
| 003 | JO-AjNU | ||
| 008 | 230605s9999||||xx |||||||||||||| ||und|| | ||
| 017 | _a2009/7/3294 | ||
| 020 | _a9957-16-125-5 | ||
| 040 |
_aJO-AjNU _bara _erda _cJO-AjNU |
||
| 041 | _aara | ||
| 050 | 1 | 4 | _aK5256.S54.2010 |
| 100 | 3 |
_a شهاب ، هيثم فالح , _eauthor _925016 |
|
| 245 | 0 | 0 | _aجريمة الإرهاب وسبل مكافحتها في التشريعات الجزائية المقارنة |
| 250 | _aط1 | ||
| 264 | 3 | 1 | _aعمان : دار الثقافة ، 2010 |
| 300 |
_a303ص _bيشتمل على قائمة بالمصادر والمراجع الببليوغرافية باللغة العربية و الأجنبية ( 285-303) |
||
| 336 |
_atext _btxt _2rdacontent |
||
| 337 |
_aunmediated _bn _2rdamedia |
||
| 338 |
_avolume _bnc _2rdacarrier |
||
| 650 | 4 |
_aالإرهاب - القانون الجنائي الدولي - الجريمة _925017 |
|
| 999 |
_aA9302 _c12870 _d12870 |
||